Music Quiz

Random Music or Numbers Quiz

Songs on Exile on Main St. Quiz Stats

 Plays Quiz Updated Apr 2, 2020

     
Support Sporcle.
Go Orange.
Score 0/18 Timer 05:00
0 Plays Today
Side % Correct
Side 1Tumbling Dice
86.1%
Side 1Rocks Off
82.4%
Side 3Happy
77.8%
Side 2Sweet Virginia
73.6%
Side 4Shine a Light
67.4%
Side 1Rip This Joint
65.6%
Side 3Ventilator Blues
65.5%
Side 3Turd on the Run
63%
Side 2Loving Cup
62.1%
Side % Correct
Side 2Sweet Black Angel
56.7%
Side 4All Down the Line
54.7%
Side 4Soul Survivor
54.2%
Side 1Casino Boogie
53.9%
Side 2Torn and Frayed
53%
Side 1Shake Your Hips
51.9%
Side 3I Just Want to See His Face
47.7%
Side 3Let It Loose
44.4%
Side 4Stop Breaking Down
39%

From the Vault

Cartoons Playing Sports

by strokes_static

Let's analyze some animated athletes!
Remove Ads.
Support Sporcle.
Get the best of Sporcle when you Go Orange. This ad-free experience offers more features, more stats, and more fun while also helping to support Sporcle. Thank you for becoming a member.

Show Comments

Extras

Top Quizzes Today


Score Distribution

Your Account Isn't Verified!

In order to create a playlist on Sporcle, you need to verify the email address you used during registration. Go to your Sporcle Settings to finish the process.

Report this User

Report this user for behavior that violates our Community Guidelines.

Details: